000 00694cab a22001815a 4500
001 L157841
008 130531e20130528xxk 000 0 eng d
035 _a(Sirsi) u157841
041 0 _aSmithers, Jonathan
245 0 0 _aProperty information forms will make transactions more straightfoward
260 _c2013
490 _aSolicitors Journal
_v157(21) 28 May 2013, 14-15(2)
520 _aConsiders how the new Law Society Property Information Form (TA6) and Fittings and Contents Form (TA10) will simplify the property purchase process and pre-empt spurious and unnecessary enquries.
590 _aKA
651 4 _aEngland and Wales
690 _aResidential property
_96266
942 _n0
999 _c84475
_d84475